[Event "DVM U20w 2020"]
[Site "Willingen GER"]
[Date "2021.06.26"]
[Round "6"]
[White "Dietz, Kristin"]
[Black "Bräutigam, Katerina"]
[Result "1-0"]
[Termination "normal"]
[Board "1.1"]
[WhiteElo "1911"]
[BlackElo "1718"]
[WhiteClock "00:18:53"]
[BlackClock "00:02:33"]
[WhiteTeam "USV Halle"]
[BlackTeam "Elmshorner SC von 1896"]
[PlyCount "67"]
[WhiteFideId "12993743"]
[BlackFideId "16242980"]
[EventCountry "GER"]
[EventRounds "7"]
[EventType "team-swiss"]
[EventDate "2021.06.23"]

1. e4 {[%clk 01:30:59]  [%emt 00:00:02]} 1... e5 { [%clk 01:30:55]  [%emt
00:00:04]} 2. Nf3 {[%clk 01:31:25]  [%emt 00:00:04]} 2... Nc6 {[%clk 01:31:17] 
[%emt 00:00:08]} 3. Bb5 { [%clk 01:31:52]  [%emt 00:00:04]} 3... a6 {[%clk
01:31:40]  [%emt 00:00:06]} 4. Ba4 {[%clk 01:32:18]  [%emt 00:00:03]} 4... Nf6
{ [%clk 01:32:02]  [%emt 00:00:09]} 5. O-O {[%clk 01:32:43]  [%emt 00:00:05]}
5... b5 {[%clk 01:32:26]  [%emt 00:00:05]} 6. Bb3 { [%clk 01:33:10]  [%emt
00:00:04]} 6... Bc5 {[%clk 01:32:49]  [%emt 00:00:08]} 7. Re1 {[%clk 01:33:02] 
[%emt 00:00:37]} 7... d6 { [%clk 01:33:12]  [%emt 00:00:06]} 8. h3 {[%clk
01:33:25]  [%emt 00:00:09]} 8... O-O {[%clk 01:33:33]  [%emt 00:00:08]} 9. c3
{[%clk 01:33:43]  [%emt 00:00:12]} 9... h6 {[%clk 01:33:43]  [%emt 00:00:22]}
10. d4 { [%clk 01:33:30]  [%emt 00:00:43]} 10... Bb6 {[%clk 01:33:55]  [%emt
00:00:17]} 11. a4 {[%clk 01:14:17]  [%emt 00:19:43]} 11... Rb8 { [%clk
01:33:46]  [%emt 00:00:37]} 12. dxe5 {[%clk 01:09:10]  [%emt 00:05:38]} 12...
dxe5 {[%clk 01:32:24]  [%emt 00:01:53]} 13. Qe2 { [%clk 01:08:14]  [%emt
00:01:26]} 13... Qe7 {[%clk 01:28:55]  [%emt 00:03:58]} 14. Nbd2 {[%clk
01:06:28]  [%emt 00:02:17]} 14... Be6 { [%clk 01:24:12]  [%emt 00:05:12]} 15.
Bxe6 {[%clk 01:05:37]  [%emt 00:01:22]} 15... Qxe6 {[%clk 01:24:28]  [%emt
00:00:12]} 16. Nf1 { [%clk 01:05:43]  [%emt 00:00:25]} 16... Nh5 {[%clk
01:21:54]  [%emt 00:03:04]} 17. axb5 {[%clk 00:57:51]  [%emt 00:08:22]} 17...
axb5 { [%clk 01:22:09]  [%emt 00:00:15]} 18. Ra6 {[%clk 00:56:39]  [%emt
00:01:42]} 18... Qc8 {[%clk 01:15:21]  [%emt 00:07:18]} 19. Ra3 { [%clk
00:54:04]  [%emt 00:02:56]} 19... Nf4 {[%clk 01:09:22]  [%emt 00:06:39]} 20.
Bxf4 {[%clk 00:52:53]  [%emt 00:01:41]} 20... exf4 { [%clk 01:09:41]  [%emt
00:00:10]} 21. e5 {[%clk 00:52:52]  [%emt 00:00:32]} 21... Qe6 {[%clk 01:04:54]
 [%emt 00:05:16]} 22. Qd2 { [%clk 00:44:21]  [%emt 00:09:01]} 22... g5 {[%clk
01:04:07]  [%emt 00:01:17]} 23. N1h2 {[%clk 00:40:20]  [%emt 00:04:31]} 23...
Kh8 { [%clk 00:58:44]  [%emt 00:05:52]} 24. Ng4 {[%clk 00:39:23]  [%emt
00:01:28]} 24... Rfd8 {[%clk 00:54:31]  [%emt 00:04:43]} 25. Qc2 { [%clk
00:38:54]  [%emt 00:00:59]} 25... Rg8 {[%clk 00:54:23]  [%emt 00:00:38]} 26.
Rea1 {[%clk 00:32:17]  [%emt 00:07:07]} 26... f5 { [%clk 00:17:33]  [%emt
00:37:20]} 27. exf6 {[%clk 00:32:05]  [%emt 00:00:43]} 27... h5 {[%clk
00:17:12]  [%emt 00:00:51]} 28. Nh6 { [%clk 00:31:30]  [%emt 00:01:04]} 28...
g4 {[%clk 00:15:44]  [%emt 00:01:58]} 29. hxg4 {[%clk 00:20:18]  [%emt
00:11:43]} 29... hxg4 { [%clk 00:12:42]  [%emt 00:03:31]} 30. Nxg8 {[%clk
00:20:00]  [%emt 00:00:48]} 30... Rxg8 {[%clk 00:10:30]  [%emt 00:02:42]} 31.
Ng5 { [%clk 00:17:53]  [%emt 00:02:38]} 31... Rxg5 {[%clk 00:06:38]  [%emt
00:04:22]} 32. Ra8+ {[%clk 00:18:16]  [%emt 00:00:07]} 32... Rg8 { [%clk
00:05:24]  [%emt 00:01:44]} 33. Qg6 {[%clk 00:18:32]  [%emt 00:00:13]} 33...
Bxf2+ {[%clk 00:02:33]  [%emt 00:03:21]} 34. Kh1 { [%clk 00:18:53]  [%emt
00:00:10]} 1-0

[Event "DVM U20w 2020"]
[Site "Willingen GER"]
[Date "2021.06.26"]
[Round "6"]
[White "Falke, Ornella"]
[Black "Pohle, Saskia"]
[Result "1-0"]
[Termination "normal"]
[Board "1.2"]
[WhiteElo "1566"]
[BlackElo "1815"]
[WhiteClock "00:08:45"]
[BlackClock "00:05:01"]
[WhiteTeam "Elmshorner SC von 1896"]
[BlackTeam "USV Halle"]
[PlyCount "71"]
[WhiteFideId "16207092"]
[BlackFideId "16201604"]
[EventCountry "GER"]
[EventRounds "7"]
[EventType "team-swiss"]
[EventDate "2021.06.23"]

1. d4 {[%clk 01:30:56]  [%emt 00:00:04]} 1... Nf6 { [%clk 01:30:54]  [%emt
00:00:06]} 2. c4 {[%clk 01:31:12]  [%emt 00:00:14]} 2... e6 {[%clk 01:31:15] 
[%emt 00:00:09]} 3. Nc3 {[%clk 01:29:56]  [%emt 00:01:47]} 3... Bb4 {[%clk
01:31:30]  [%emt 00:00:14]} 4. e3 { [%clk 01:25:29]  [%emt 00:04:57]} 4... Nc6
{[%clk 01:28:30]  [%emt 00:03:30]} 5. Nge2 {[%clk 01:20:53]  [%emt 00:05:06]}
5... O-O { [%clk 01:26:07]  [%emt 00:02:54]} 6. a3 {[%clk 01:19:31]  [%emt
00:01:53]} 6... Be7 {[%clk 01:26:23]  [%emt 00:00:12]} 7. d5 {[%clk 01:17:46] 
[%emt 00:02:15]} 7... Ne5 {[%clk 01:20:32]  [%emt 00:06:21]} 8. Ng3 { [%clk
01:17:27]  [%emt 00:00:49]} 8... b6 {[%emt 00:03:00]} 9. Be2 { [%clk 01:14:34] 
[%emt 00:03:23]} 9... Bb7 {[%clk 01:17:00]  [%emt 00:01:33]} 10. e4 {[%clk
01:12:26]  [%emt 00:02:38]} 10... Ne8 { [%clk 01:09:30]  [%emt 00:08:00]} 11.
O-O {[%clk 01:10:30]  [%emt 00:02:25]} 11... Nd6 {[%clk 01:08:24]  [%emt
00:01:37]} 12. b3 { [%clk 01:09:02]  [%emt 00:01:58]} 12... f5 {[%clk 01:07:43]
 [%emt 00:01:11]} 13. f4 {[%clk 01:05:59]  [%emt 00:03:32]} 13... Nef7 { [%clk
01:04:11]  [%emt 00:04:02]} 14. e5 {[%clk 01:05:30]  [%emt 00:00:59]} 14... Nc8
{[%clk 01:01:55]  [%emt 00:02:46]} 15. Bf3 { [%clk 01:04:17]  [%emt 00:01:44]}
15... Rb8 {[%clk 01:02:02]  [%emt 00:00:23]} 16. Qc2 {[%clk 00:55:03]  [%emt
00:09:43]} 16... g5 { [%clk 00:58:37]  [%emt 00:03:56]} 17. Rd1 {[%clk
00:47:28]  [%emt 00:08:04]} 17... Qe8 {[%clk 00:53:33]  [%emt 00:05:34]} 18.
Nb5 { [%clk 00:40:42]  [%emt 00:07:16]} 18... Bd8 {[%clk 00:48:59]  [%emt
00:05:04]} 19. Nh5 {[%clk 00:39:23]  [%emt 00:01:49]} 19... g4 { [%clk
00:30:10]  [%emt 00:19:20]} 20. Bxg4 {[%clk 00:25:08]  [%emt 00:14:44]} 20...
Nxe5 {[%clk 00:26:47]  [%emt 00:03:53]} 21. Qc3 { [%clk 00:21:43]  [%emt
00:03:56]} 21... Qg6 {[%clk 00:24:38]  [%emt 00:02:38]} 22. Be2 {[%emt
00:09:36]} 22... Ng4 {[%clk 00:22:34]  [%emt 00:02:32]} 23. Bb2 {[%clk
00:12:54]  [%emt 00:00:15]} 23... Nf6 {[%clk 00:20:21]  [%emt 00:02:43]} 24.
Rd3 {[%clk 00:12:50]  [%emt 00:00:34]} 24... Ne4 { [%clk 00:18:00]  [%emt
00:02:51]} 25. Qe5 {[%clk 00:12:19]  [%emt 00:01:02]} 25... exd5 {[%clk
00:13:29]  [%emt 00:05:01]} 26. cxd5 { [%clk 00:10:58]  [%emt 00:01:51]} 26...
d6 {[%clk 00:12:23]  [%emt 00:01:35]} 27. Qd4 {[%clk 00:11:09]  [%emt
00:00:19]} 27... a6 { [%clk 00:10:03]  [%emt 00:02:51]} 28. Nc3 {[%clk
00:11:03]  [%emt 00:00:36]} 28... Bf6 {[%clk 00:05:52]  [%emt 00:04:41]} 29.
Nxf6+ { [%clk 00:11:27]  [%emt 00:00:06]} 29... Qxf6 {[%clk 00:06:16]  [%emt
00:00:05]} 30. Nxe4 {[%clk 00:11:27]  [%emt 00:00:31]} 30... Qxd4+ { [%clk
00:06:01]  [%emt 00:00:44]} 31. Bxd4 {[%clk 00:11:40]  [%emt 00:00:17]} 31...
fxe4 {[%clk 00:06:12]  [%emt 00:00:19]} 32. Rg3+ { [%clk 00:11:56]  [%emt
00:00:14]} 32... Kf7 {[%clk 00:06:30]  [%emt 00:00:12]} 33. Rg7+ {[%clk
00:11:08]  [%emt 00:01:18]} 33... Ke8 { [%clk 00:06:52]  [%emt 00:00:08]} 34.
Rc1 {[%clk 00:10:40]  [%emt 00:00:58]} 34... Bxd5 {[%clk 00:06:16]  [%emt
00:01:06]} 35. Rcxc7 {[%emt 00:02:11]} 35... Bf7 {[%clk 00:05:01]} 36. Rcxf7
{[%clk 00:08:45]  [%emt 00:02:29]} 1-0

[Event "DVM U20w 2020"]
[Site "Willingen GER"]
[Date "2021.06.26"]
[Round "6"]
[White "Voigt, Anastasia"]
[Black "Margaryan, Susanna"]
[Result "0-1"]
[Termination "normal"]
[Board "1.3"]
[WhiteElo "1738"]
[BlackElo "1468"]
[WhiteClock "00:27:05"]
[BlackClock "00:25:24"]
[WhiteTeam "USV Halle"]
[BlackTeam "Elmshorner SC von 1896"]
[PlyCount "104"]
[WhiteFideId "16235223"]
[BlackFideId "16268210"]
[EventCountry "GER"]
[EventRounds "7"]
[EventType "team-swiss"]
[EventDate "2021.06.23"]

1. e4 {[%clk 01:30:58]  [%emt 00:00:02]} 1... c5 { [%clk 01:30:49]  [%emt
00:00:12]} 2. Nf3 {[%clk 01:31:22]  [%emt 00:00:06]} 2... e6 {[%clk 01:31:11] 
[%emt 00:00:07]} 3. d4 { [%clk 01:31:48]  [%emt 00:00:05]} 3... cxd4 {[%clk
01:31:28]  [%emt 00:00:13]} 4. Nxd4 {[%clk 01:32:12]  [%emt 00:00:06]} 4... a6
{ [%clk 01:31:49]  [%emt 00:00:09]} 5. Nc3 {[%clk 01:32:33]  [%emt 00:00:08]}
5... Qc7 {[%clk 01:31:47]  [%emt 00:00:32]} 6. Bd3 { [%clk 01:32:51]  [%emt
00:00:13]} 6... Bb4 {[%clk 01:31:18]  [%emt 00:00:59]} 7. Bd2 {[%clk 01:32:41] 
[%emt 00:00:40]} 7... Nf6 { [%clk 01:31:24]  [%emt 00:00:24]} 8. a3 {[%clk
01:30:39]  [%emt 00:02:33]} 8... Bc5 {[%clk 01:29:23]  [%emt 00:02:30]} 9. Nb3
{[%clk 01:30:19]  [%emt 00:00:50] } 9... Ba7 {[%clk 01:28:13]  [%emt 00:01:40]}
10. f4 { [%clk 01:29:32]  [%emt 00:01:18]} 10... d6 {[%clk 01:27:58]  [%emt
00:00:44]} 11. Qf3 {[%clk 01:28:59]  [%emt 00:01:01]} 11... Nc6 { [%clk
01:26:28]  [%emt 00:02:03]} 12. g4 {[%clk 01:27:34]  [%emt 00:01:54]} 12... b5
{[%clk 01:13:51]  [%emt 00:13:07]} 13. g5 { [%clk 01:24:20]  [%emt 00:03:45]}
13... Nd7 {[%clk 01:04:16]  [%emt 00:10:04]} 14. Qg3 {[%clk 01:13:44]  [%emt
00:11:05]} 14... Bb7 { [%clk 00:59:38]  [%emt 00:05:09]} 15. h4 {[%clk
01:09:53]  [%emt 00:04:21]} 15... O-O-O {[%clk 00:55:50]  [%emt 00:04:18]} 16.
O-O-O { [%clk 01:09:41]  [%emt 00:00:42]} 16... Nc5 {[%clk 00:48:52]  [%emt
00:07:28]} 17. Nxc5 {[%clk 01:08:31]  [%emt 00:01:39]} 17... dxc5 { [%clk
00:48:48]  [%emt 00:00:34]} 18. Kb1 {[%clk 01:06:42]  [%emt 00:02:19]} 18... b4
{[%clk 00:48:05]  [%emt 00:01:14]} 19. axb4 { [%clk 01:06:06]  [%emt 00:01:05]}
19... cxb4 {[%clk 00:48:20]  [%emt 00:00:16]} 20. Ne2 {[%clk 01:04:44]  [%emt
00:01:52]} 20... a5 { [%clk 00:48:05]  [%emt 00:00:45]} 21. Be3 {[%clk
01:02:30]  [%emt 00:02:42]} 21... Bxe3 {[%clk 00:45:43]  [%emt 00:02:54]} 22.
Qxe3 { [%clk 01:02:41]  [%emt 00:00:19]} 22... a4 {[%clk 00:45:09]  [%emt
00:01:04]} 23. Rhe1 {[%clk 01:00:02]  [%emt 00:03:06]} 23... Qa5 { [%clk
00:44:21]  [%emt 00:01:20]} 24. Bc4 {[%clk 00:57:12]  [%emt 00:03:19]} 24...
Ba6 {[%clk 00:40:29]  [%emt 00:04:24]} 25. Bxa6+ { [%clk 00:56:38]  [%emt
00:01:03]} 25... Qxa6 {[%clk 00:40:52]  [%emt 00:00:07]} 26. Qc5 {[%clk
00:53:55]  [%emt 00:03:12]} 26... Kb7 { [%clk 00:40:16]  [%emt 00:01:08]} 27.
Nd4 {[%clk 00:52:28]  [%emt 00:01:55]} 27... Qb6 {[%clk 00:37:00]  [%emt
00:03:47]} 28. Qxb6+ { [%clk 00:50:02]  [%emt 00:02:56]} 28... Kxb6 {[%clk
00:37:21]  [%emt 00:00:10]} 29. Nxc6 {[%clk 00:49:51]  [%emt 00:00:41]} 29...
Kxc6 { [%clk 00:37:46]  [%emt 00:00:05]} 30. Kc1 {[%clk 00:48:44]  [%emt
00:01:36]} 30... a3 {[%clk 00:36:50]  [%emt 00:01:28]} 31. bxa3 { [%clk
00:46:38]  [%emt 00:02:35]} 31... bxa3 {[%clk 00:37:07]  [%emt 00:00:14]} 32.
Rxd8 {[%clk 00:44:51]  [%emt 00:02:16]} 32... Rxd8 { [%clk 00:37:30]  [%emt
00:00:07]} 33. Kb1 {[%clk 00:44:05]  [%emt 00:01:14]} 33... Rb8+ {[%clk
00:37:14]  [%emt 00:00:48]} 34. Ka2 { [%clk 00:42:11]  [%emt 00:02:24]} 34...
Rb2+ {[%clk 00:37:33]  [%emt 00:00:12]} 35. Kxa3 {[%clk 00:42:33]  [%emt
00:00:07]} 35... Rxc2 { [%clk 00:37:59]  [%emt 00:00:05]} 36. f5 {[%clk
00:39:44]  [%emt 00:03:18]} 36... Rh2 {[%clk 00:36:23]  [%emt 00:02:06]} 37.
fxe6 { [%clk 00:38:57]  [%emt 00:01:17]} 37... fxe6 {[%clk 00:36:41]  [%emt
00:00:11]} 38. Rf1 {[%clk 00:38:42]  [%emt 00:00:46]} 38... g6 { [%clk
00:35:59]  [%emt 00:01:13]} 39. Rf4 {[%clk 00:38:21]  [%emt 00:00:50]} 39... e5
{[%clk 00:32:40]  [%emt 00:03:50]} 40. Rg4 { [%clk 00:34:55]  [%emt 00:03:55]}
40... Kc5 {[%clk 00:32:36]  [%emt 00:00:34]} 41. Kb3 {[%clk 00:34:08]  [%emt
00:01:16]} 41... Kd4 { [%clk 00:32:32]  [%emt 00:00:35]} 42. Kb4 {[%clk
00:34:08]  [%emt 00:00:29]} 42... Rh3 {[%clk 00:31:38]  [%emt 00:01:25]} 43.
Kb5 { [%clk 00:34:04]  [%emt 00:00:34]} 43... Ke3 {[%clk 00:31:33]  [%emt
00:00:36]} 44. Kc5 {[%clk 00:32:55]  [%emt 00:01:38]} 44... Kf3 { [%clk
00:31:46]  [%emt 00:00:17]} 45. Rg1 {[%clk 00:32:53]  [%emt 00:00:32]} 45...
Kxe4 {[%clk 00:30:20]  [%emt 00:01:57]} 46. Kd6 { [%clk 00:31:06]  [%emt
00:02:16]} 46... Rxh4 {[%clk 00:29:22]  [%emt 00:01:28]} 47. Re1+ {[%clk
00:29:55]  [%emt 00:01:41]} 47... Kf4 { [%clk 00:29:15]  [%emt 00:00:37]} 48.
Rxe5 {[%clk 00:29:36]  [%emt 00:00:49]} 48... Rh5 {[%clk 00:29:10]  [%emt
00:00:35]} 49. Re7 { [%clk 00:28:37]  [%emt 00:01:28]} 49... Kxg5 {[%clk
00:29:17]  [%emt 00:00:24]} 50. Ke6 {[%clk 00:28:34]  [%emt 00:00:32]} 50...
Kf4 { [%clk 00:28:06]  [%emt 00:01:42]} 51. Kf6 {[%clk 00:27:14]  [%emt
00:01:48]} 51... g5 {[%clk 00:25:24]  [%emt 00:03:13]} 52. Re1 { [%clk
00:27:05]  [%emt 00:00:39]} 52... g4 {[%emt 00:02:23]} 0-1

[Event "DVM U20w 2020"]
[Site "Willingen GER"]
[Date "2021.06.26"]
[Round "6"]
[White "Neitzel, Emma"]
[Black "Stowicek, Yara Mathilda"]
[Result "0-1"]
[Termination "normal"]
[Board "1.4"]
[WhiteElo "1029"]
[BlackElo "1736"]
[WhiteClock "00:26:24"]
[BlackClock "00:51:31"]
[WhiteTeam "Elmshorner SC von 1896"]
[BlackTeam "USV Halle"]
[PlyCount "66"]
[WhiteFideId "16298373"]
[BlackFideId "16203569"]
[EventCountry "GER"]
[EventRounds "7"]
[EventType "team-swiss"]
[EventDate "2021.06.23"]

1. d4 {[%clk 01:30:58]  [%emt 00:00:02]} 1... Nf6 { [%clk 01:30:56]  [%emt
00:00:05]} 2. c4 {[%clk 01:31:01]  [%emt 00:00:26]} 2... e6 {[%clk 01:31:17] 
[%emt 00:00:10]} 3. Nc3 {[%clk 01:30:50]  [%emt 00:00:40]} 3... Bb4 {[%clk
01:31:42]  [%emt 00:00:06]} 4. Bd2 { [%clk 01:29:51]  [%emt 00:01:27]} 4... b6
{[%clk 01:31:52]  [%emt 00:00:22]} 5. Nf3 {[%clk 01:27:57]  [%emt 00:02:21]}
5... Bb7 { [%clk 01:32:11]  [%emt 00:00:12]} 6. e3 {[%clk 01:26:17]  [%emt
00:02:09]} 6... O-O {[%clk 01:32:12]  [%emt 00:00:31]} 7. Be2 {[%clk 01:25:20] 
[%emt 00:01:25] } 7... d6 {[%clk 01:31:54]  [%emt 00:00:50]} 8. O-O { [%clk
01:24:24]  [%emt 00:01:25]} 8... Nbd7 {[%clk 01:30:44]  [%emt 00:01:41]} 9. a3
{[%clk 01:24:10]  [%emt 00:00:43]} 9... Bxc3 { [%clk 01:31:06]  [%emt
00:00:10]} 10. Bxc3 {[%clk 01:24:16]  [%emt 00:00:23]} 10... Ne4 {[%clk
01:31:29]  [%emt 00:00:07]} 11. Qc2 { [%clk 01:21:03]  [%emt 00:03:42]} 11...
f5 {[%clk 01:31:15]  [%emt 00:00:45]} 12. Nd2 {[%clk 01:18:54]  [%emt
00:02:37]} 12... Ndf6 { [%clk 01:30:48]  [%emt 00:00:59]} 13. f3 {[%clk
01:17:53]  [%emt 00:01:30]} 13... Nxc3 {[%clk 01:30:25]  [%emt 00:00:54]} 14.
Qxc3 { [%clk 01:17:47]  [%emt 00:00:35]} 14... Qe7 {[%clk 01:28:45]  [%emt
00:02:10]} 15. Rac1 {[%clk 01:13:36]  [%emt 00:04:41]} 15... c5 { [%clk
01:26:29]  [%emt 00:02:47]} 16. b4 {[%clk 01:07:26]  [%emt 00:06:38]} 16...
Rac8 {[%clk 01:22:02]  [%emt 00:04:57]} 17. Nb3 { [%clk 01:01:20]  [%emt
00:06:37]} 17... Nd7 {[%clk 01:19:12]  [%emt 00:03:21]} 18. Rfd1 {[%clk
00:57:17]  [%emt 00:04:29]} 18... Rf6 {[%emt 00:10:04]} 19. b5 {[%clk 00:52:45]
 [%emt 00:00:01]} 19... d5 {[%clk 01:12:28]  [%emt 00:02:45]} 20. dxc5 {[%clk
00:48:56]  [%emt 00:04:17]} 20... Nxc5 { [%clk 01:11:24]  [%emt 00:01:36]} 21.
Rd2 {[%clk 00:46:22]  [%emt 00:02:59]} 21... Rff8 {[%clk 01:07:34]  [%emt
00:04:24]} 22. Rb2 { [%clk 00:40:55]  [%emt 00:05:55]} 22... Na4 {[%clk
01:04:45]  [%emt 00:03:21]} 23. Qc2 {[%clk 00:39:33]  [%emt 00:01:50]} 23...
dxc4 { [%clk 00:59:27]  [%emt 00:05:51]} 24. Bxc4 {[%clk 00:36:19]  [%emt
00:03:43]} 24... Rxc4 {[%clk 00:56:15]  [%emt 00:03:43]} 25. Qxc4 { [%clk
00:35:01]  [%emt 00:01:48]} 25... Nxb2 {[%clk 00:56:36]  [%emt 00:00:09]} 26.
Qc7 {[%clk 00:33:55]  [%emt 00:01:34]} 26... Qxc7 { [%clk 00:53:49]  [%emt
00:03:19]} 27. Rxc7 {[%clk 00:33:46]  [%emt 00:00:39]} 27... Rf7 {[%clk
00:54:10]  [%emt 00:00:08]} 28. Rc2 { [%clk 00:32:41]  [%emt 00:01:36]} 28...
Nd3 {[%clk 00:53:16]  [%emt 00:01:24]} 29. Rd2 {[%clk 00:32:15]  [%emt
00:00:52]} 29... Ne5 { [%clk 00:53:17]  [%emt 00:00:32]} 30. f4 {[%clk
00:31:51]  [%emt 00:00:54]} 30... Nd7 {[%clk 00:51:13]  [%emt 00:02:36]} 31.
Kf2 { [%clk 00:30:40]  [%emt 00:01:37]} 31... Bd5 {[%clk 00:51:19]  [%emt
00:00:26]} 32. Nd4 {[%clk 00:29:36]  [%emt 00:01:34]} 32... Nc5 { [%clk
00:51:06]  [%emt 00:00:45]} 33. g3 {[%clk 00:26:24]  [%emt 00:03:40]} 33...
Ne4+ {[%clk 00:51:31]  [%emt 00:00:06]} 0-1

[Event "DVM U20w 2020"]
[Site "Willingen GER"]
[Date "2021.06.26"]
[Round "6"]
[White "Brunner, Sophia"]
[Black "Peglau, Mirjam"]
[Result "1-0"]
[Termination "normal"]
[Board "2.1"]
[WhiteElo "1892"]
[BlackElo "1923"]
[WhiteClock "00:18:09"]
[BlackClock "00:32:00"]
[WhiteTeam "SK Nordhorn-Blanke"]
[BlackTeam "Schachzentrum Seeblick e. V."]
[PlyCount "89"]
[WhiteFideId "12960683"]
[BlackFideId "16211138"]
[EventCountry "GER"]
[EventRounds "7"]
[EventType "team-swiss"]
[EventDate "2021.06.23"]

1. d4 {[%clk 01:30:57]  [%emt 00:00:03]} 1... d5 { [%clk 01:30:54]  [%emt
00:00:06]} 2. Nc3 {[%clk 01:31:18]  [%emt 00:00:10]} 2... Nf6 {[%clk 01:31:00] 
[%emt 00:00:23]} 3. Bf4 { [%clk 01:31:26]  [%emt 00:00:22]} 3... c6 {[%clk
01:29:56]  [%emt 00:01:33]} 4. f3 {[%clk 01:27:46]  [%emt 00:04:10]} 4... Bf5 {
[%clk 01:26:24]  [%emt 00:04:03]} 5. Qd2 {[%clk 01:23:44]  [%emt 00:04:32]}
5... e6 {[%clk 01:25:38]  [%emt 00:01:16]} 6. g4 { [%clk 01:13:31]  [%emt
00:10:44]} 6... Bg6 {[%clk 01:25:05]  [%emt 00:01:01]} 7. e3 {[%clk 01:13:48] 
[%emt 00:00:14]} 7... Bd6 { [%clk 01:20:17]  [%emt 00:05:18]} 8. Nge2 {[%clk
01:10:54]  [%emt 00:03:24]} 8... Na6 {[%clk 01:17:24]  [%emt 00:03:23]} 9. a3 {
[%clk 01:08:23]  [%emt 00:03:01]} 9... Qe7 {[%clk 01:12:23]  [%emt 00:05:31]}
10. h4 {[%clk 01:04:38]  [%emt 00:04:15]} 10... h5 { [%clk 01:02:36]  [%emt
00:10:17]} 11. g5 {[%clk 01:02:58]  [%emt 00:02:11]} 11... Nd7 {[%clk 01:02:40]
 [%emt 00:00:26]} 12. Bxd6 { [%clk 00:59:35]  [%emt 00:03:52]} 12... Qxd6
{[%clk 01:03:08]  [%emt 00:00:02]} 13. Nf4 {[%clk 00:59:50]  [%emt 00:00:15]}
13... e5 { [%clk 00:59:56]  [%emt 00:03:43]} 14. Nxg6 {[%clk 00:59:27]  [%emt
00:00:52]} 14... Qxg6 {[%clk 00:59:45]  [%emt 00:00:40]} 15. Bxa6 { [%clk
00:59:25]  [%emt 00:00:32]} 15... bxa6 {[%clk 01:00:10]  [%emt 00:00:06]} 16.
O-O-O {[%clk 00:52:59]  [%emt 00:06:57]} 16... O-O { [%clk 00:59:18]  [%emt
00:01:22]} 17. f4 {[%clk 00:49:41]  [%emt 00:03:47]} 17... exf4 {[%clk
00:55:44]  [%emt 00:04:05]} 18. exf4 { [%clk 00:50:04]  [%emt 00:00:07]} 18...
Rab8 {[%clk 00:55:03]  [%emt 00:01:10]} 19. b3 {[%clk 00:22:03]  [%emt
00:28:30]} 19... Qd6 { [%clk 00:52:53]  [%emt 00:02:41]} 20. Kb2 {[%clk
00:21:47]  [%emt 00:00:46]} 20... Rb7 {[%clk 00:44:17]  [%emt 00:09:06]} 21.
Ka2 { [%clk 00:17:45]  [%emt 00:04:32]} 21... Rfb8 {[%clk 00:42:22]  [%emt
00:02:25]} 22. Na4 {[%clk 00:15:05]  [%emt 00:03:09]} 22... c5 { [%clk
00:28:52]  [%emt 00:14:01]} 23. Nxc5 {[%clk 00:13:29]  [%emt 00:02:06]} 23...
Nxc5 {[%clk 00:29:19]  [%emt 00:00:03]} 24. dxc5 { [%clk 00:13:54]  [%emt
00:00:04]} 24... Qxc5 {[%clk 00:29:43]  [%emt 00:00:06]} 25. Rh2 {[%clk
00:13:07]  [%emt 00:01:18]} 25... Rd8 { [%clk 00:27:21]  [%emt 00:02:52]} 26.
Qd4 {[%clk 00:10:34]  [%emt 00:03:03]} 26... Rc7 {[%clk 00:19:49]  [%emt
00:08:02]} 27. Qxc5 { [%clk 00:05:14]  [%emt 00:05:50]} 27... Rxc5 {[%clk
00:20:18]  [%emt 00:00:01]} 28. Rd4 {[%clk 00:05:00]  [%emt 00:00:44]} 28...
Re8 { [%clk 00:16:43]  [%emt 00:04:05]} 29. Kb2 {[%clk 00:04:15]  [%emt
00:01:14]} 29... Re3 {[%clk 00:13:32]  [%emt 00:03:42]} 30. Rhd2 { [%clk
00:01:58]  [%emt 00:02:47]} 30... Rf3 {[%clk 00:07:42]  [%emt 00:06:20]} 31.
Rxd5 {[%clk 00:01:28]  [%emt 00:00:59]} 31... Rxd5 { [%clk 00:07:50]  [%emt
00:00:22]} 32. Rxd5 {[%clk 00:01:57]  [%emt 00:00:01]} 32... Rxf4 {[%clk
00:08:19]  [%emt 00:00:02]} 33. c4 { [%clk 00:01:56]  [%emt 00:00:31]} 33...
Re4 {[%clk 00:04:18]  [%emt 00:04:31]} 34. c5 {[%clk 00:01:51]  [%emt
00:00:36]} 34... Re8 { [%clk 00:04:41]  [%emt 00:00:06]} 35. Kc3 {[%clk
00:01:26]  [%emt 00:00:55]} 35... Kf8 {[%clk 00:04:13]  [%emt 00:00:58]} 36. b4
{ [%clk 00:00:47]  [%emt 00:01:08]} 36... Rc8 {[%clk 00:02:38]  [%emt
00:02:06]} 37. Rd7 {[%emt 00:01:26]} 37... Rc6 {[%clk 00:02:10]} 38. Rxa7 {
[%clk 00:00:40]  [%emt 00:00:39]} 38... f6 {[%clk 00:01:59]  [%emt 00:00:41]}
39. gxf6 {[%clk 00:00:41]  [%emt 00:00:29]} 39... Rxf6 { [%clk 00:02:20]  [%emt
00:00:08]} 40. Rd7 {[%clk 00:00:39]  [%emt 00:00:33]} 40... Ke8 {[%clk
00:02:09]  [%emt 00:00:41]} 41. Rxg7 { [%clk 00:22:50]  [%emt 00:08:20]} 41...
Rf4 {[%clk 00:31:54]  [%emt 00:00:44]} 42. Ra7 {[%clk 00:20:17]  [%emt
00:03:03]} 42... Rxh4 { [%clk 00:31:50]  [%emt 00:00:34]} 43. Rxa6 {[%clk
00:20:08]  [%emt 00:00:39]} 43... Kd7 {[%clk 00:31:38]  [%emt 00:00:42]} 44. a4
{ [%clk 00:18:41]  [%emt 00:01:57]} 44... Rf4 {[%clk 00:32:00]  [%emt
00:00:08]} 45. Rh6 {[%clk 00:18:09]  [%emt 00:01:02]} 1-0